Regional studies.

Bibliographic Details
Uniform Title:Regional studies (Online)
Corporate Author: Regional Studies Association (Seaford, England)
Format: Journal
Language:English
Language Notes:Articles in English; abstracts in English, French and German.
Published: [London] : Carfax.
Subjects:
Online Availability: Check for online availability

MARC

Tag First Indicator Second Indicator Subfields
LEADER 00000cas a2200000 a 4500
001 in00002012246
005 20151031155006.0
006 m d
007 cr cn---------
008 020502c19679999enkmx pss 0 0eng d
010 |a  2002238428 
022 |a 1360-0591  |y 0034-3404 
035 |a (OCoLC)ocm49708107 
040 |a IUL  |c IUL  |d OCLCQ  |d TXA  |d UtOrBLW 
041 0 |a eng  |b eng  |b fre  |b ger 
042 |a lcd 
043 |a e-uk--- 
049 |a TXAM 
090 |a NA9000  |b .R4 Electronic 
130 0 |a Regional studies (Online) 
245 1 0 |a Regional studies. 
264 1 |a [London] :  |b Carfax. 
310 |a Nine no. a year 
336 |a text  |b txt  |2 rdacontent 
337 |a computer  |b c  |2 rdamedia 
338 |a online resource  |b cr  |2 rdacarrier 
362 1 |a Print began in 1967. 
500 |a Description based on: Volume 31, number 1 (Feb. 1997); title from introductory page, viewed May 2, 2002. 
500 |a Latest issue consulted: Volume 36, number 2 (Apr. 2002). 
530 |a Also issued in print. 
538 |a Mode of access: World Wide Web. 
546 |a Articles in English; abstracts in English, French and German. 
500 |a Electronic resource. 
650 0 |a Regional planning  |v Periodicals. 
650 0 |a Regional planning  |z Great Britain  |v Periodicals. 
710 2 |a Regional Studies Association (Seaford, England) 
776 1 |t Regional studies  |x 0034-3404  |w (DLC)sf 80001291  |w (OCoLC)1763635 
891 2 0 |9 853  |8 1  |a v.  |b no.  |u 9  |v r  |i (year)  |j (month)  |w 9  |x 02  |y pm02,04,05,06,07,08,10,11,12 
891 4 1 |9 863  |8 1.1  |a 31  |b 1  |i 1997  |j 02 
994 |a E0  |b TXA 
948 |a cataloged  |b h  |c 2004/12/22  |d c  |e lfurubot  |f 1:31:52 pm 
999 |a MARS 
999 f f |s 5c926817-56da-3c45-b27f-6480e25f4d9b  |i 6faeafc7-c085-35fe-b335-3a6bafb24463  |t 0 
952 f f |a Texas A&M University  |b College Station  |c Electronic Resources  |d Available Online  |t 0  |e NA9000 .R4  |g Electronic  |h Library of Congress classification 
998 f f |a NA9000 .R4  |t 0  |l Available Online